Pôsobenie Európskej menovej únie na vybrané členské a nečlenské krajiny
Vplyv eura na makro- a mikroekonomické dianie v členských a nečlenských krajinách. Skúmanie situácie v týchto krajinách - poskytnutie podkladov pre rozhodovanie v období, keď Slovensko bude uvažovať o pristúpení k EMÚ.
Na minha lista:
| Autor principal: | |
|---|---|
| Formato: | Capítulo de Livro |
| Idioma: | eslovaco |
| Assuntos: | |
| Tags: |
Sem tags, seja o primeiro a adicionar uma tag!
|
MARC
| LEADER | 00000naa a2200000 4500 | ||
|---|---|---|---|
| 001 | r049677 | ||
| 005 | 20230825103232.6 | ||
| 041 | 0 | |a slo | |
| 044 | |a SK | ||
| 245 | 1 | 0 | |a Pôsobenie Európskej menovej únie na vybrané členské a nečlenské krajiny |c Ivan Poliačik |
| 520 | |a Vplyv eura na makro- a mikroekonomické dianie v členských a nečlenských krajinách. Skúmanie situácie v týchto krajinách - poskytnutie podkladov pre rozhodovanie v období, keď Slovensko bude uvažovať o pristúpení k EMÚ. | ||
| 610 | 2 | 0 | |a euromena |
| 610 | 2 | 0 | |a Európska únia |
| 610 | 2 | 0 | |a Nemecko |
| 610 | 2 | 0 | |a Holandsko |
| 610 | 2 | 0 | |a Grécko |
| 610 | 2 | 0 | |a Veľká Británia |
| 610 | 2 | 0 | |a Dánsko |
| 610 | 2 | 0 | |a Slovensko |
| 100 | 1 | |a Poliačik, Ivan | |